000 00774nam a2200253 a 4500
001 66061
003 BD-RjUL
005 20211209081509.0
008 170314s20052004maua b 001 0 eng
020 _a8173196710
035 _a(BD-RjUL)66191
040 _aDLC
_cDLC
_dDLC
_beng
041 _aeng
082 0 0 _a006.3
_223
_bCOA 2005
100 1 _aCoppin, Ben.
_9195403
245 1 0 _aArtificial intelligence illuminated /
_cBen Coppin.
260 _aBoston :
_bJones and Bartlett Publishers,
_cc2004 [Reprinted 2005]
300 _axxv, 739 p. :
_bill. ;
_c23 cm.
490 _aITPro collection.
504 _aIncludes bibliographical references (p. [697]-718) and index.
650 0 _aArtificial intelligence.
_9194631
856 _3ITPro collection.
942 _2ddc
_cBK
999 _c66061
_d66061